000 01621 a2200337 4500
001 62414
005 20260407155917.0
008 260407a2024 arg spa d
003 AR-UNSa-BCEJYS
040 _aAR-UNSa-BCEJYS
_bspa
_cAR-UNSa-BCEJYS
080 _a336.2:323.17
_xFederalismo Fiscal
245 1 0 _aPropuesta para un nuevo régimen de coparticipación federal
_pGrado equivalentes de desarrollo y calidad de vida con criterios objetivos de reparto e igualdad de oportunidades
020 _a978-987-97527-7-7
264 1 _aSalta :
_bEdiciones Librería del Profesional
_c2024
300 _a208 p.
_c23 cm.
505 _a1. Introducción - 2. Pautas determinantes del proyecto de investigación - 3. La Coparticipación Federal de impuestos en Argentina - 4. Convergencia - 5. Desarrollo - 6. Distribución de la Coparticipación con grados equivalentes de desarrollo, calidad de vida e igualdad de oportunidades - 7. Aspectos a contemplar en un nuevo régimen de Coparticipación Federal con criterios objetivos de reparto -
041 _aspa
942 _cBK
590 _aniveau_biblio:m niveau_hierar:0
100 1 _aDib Ashur, Roberto Antonio
700 1 _aClaros, María Soledad
700 1 _aSafar, Elizabeth
700 1 _aPorcelo, Jorge Esteban
700 1 _aJuri, María Daniela
700 1 _aCarrazán Mena, Gastón Javier
700 1 _aMamaní Valencia, Víctor Hugo
700 1 _aCopa, Lucio Agustín
700 1 _aMuñoz, Valeria Rina
700 1 _aChalabe, Ana Catalina
856 4 1 _uhttp://www.biblioeco.unsa.edu.ar/pmb/images/libros/L129350.jpg
_yImagen de portada
_qimage/jpeg
999 _c7653
_d7653